Central Library OPAC University of Rajshahi

The Hungarian game / (Record no. 21764)

MARC details
000 -LEADER
fixed length control field 00628nam a22002292a 4500
001 - CONTROL NUMBER
control field 21764
003 - CONTROL NUMBER IDENTIFIER
rucl marc code BD-RjUL
005 - DATE AND TIME OF LATEST TRANSACTION
control field 20211209000727.0
008 - FIXED-LENGTH DATA ELEMENTS--GENERAL INFORMATION
fixed length control field 860101s1973 enk 000 1 eng d
020 ## - INTERNATIONAL STANDARD BOOK NUMBER
International Standard Book Number 0436191350
035 ## - SYSTEM CONTROL NUMBER
System control number (BD-RjUL)21829
040 ## - CATALOGING SOURCE
Original cataloging agency UKM
Transcribing agency UKM
Modifying agency BD-RjUL
Language of cataloging eng
041 ## - LANGUAGE CODE
Language code of text/sound track or separate title eng
082 ## - DEWEY DECIMAL CLASSIFICATION NUMBER
Classification number 823.91
Edition number 18
Author mark and year HAH 1973
100 1# - MAIN ENTRY--PERSONAL NAME
Personal name Hayes, Roy.
Fuller form of name Roy Hayes.
9 (RLIN) 67215
245 14 - TITLE STATEMENT
Title The Hungarian game /
Statement of responsibility, etc. Roy Hayes
260 ## - PUBLICATION, DISTRIBUTION, ETC. (IMPRINT)
Place of publication, distribution, etc. London :
Name of publisher, distributor, etc. Secker and Warburg,
Date of publication, distribution, etc. 1973.
300 ## - PHYSICAL DESCRIPTION
Pagination 343 p. :
Size 23 cm.
500 ## - GENERAL NOTE
General note Also published, New York: Simon and Schuster, 1973
942 ## - ADDED ENTRY ELEMENTS (KOHA)
Source of classification or shelving scheme Dewey Decimal Classification
Koha item type Books
Holdings
Lost status Source of classification or shelving scheme Damaged status Not for loan Collection code Permanent Location Current Location Shelving location Date acquired Source of acquisition Total Checkouts Full call number Date last seen Copy number Koha item type
  Dewey Decimal Classification   Added to bundle Non-fiction Central Library, University of Rajshahi Central Library, University of Rajshahi Reading Room 07/05/1974 Oxford University Press   823.91 HAH 1973 05/03/2014 C-1 Books